Ritorno ad Alphaville di Falso Movimento /

Uloženo v:
Podrobná bibliografie
Hlavní autor: Martone, Mario, (1959- ) (Autor)
Další autoři: Accetta, Cesare
Médium: Kniha
Jazyk:italština
Vydáno: Milano : Ubulibri, [1987]
Témata:
Tagy: Přidat tag
Žádné tagy, Buďte první, kdo vytvoří štítek k tomuto záznamu!

MARC

LEADER 00000nam a22000007i 4500
001 IT\ICCU\TO0\0019639
003 ItRI
005 20260115231929.0
008 930224s1987 it |||||| ||||| |||||c
020 |a 8877480653 
040 |b ita  |c importazione bologna sebina 
041 7 |a ita  |2 ISO-639-2 
100 1 |a Martone, Mario,  |d  (1959- )  |0 IT\ICCU\LO1V\087975  |4 aut 
245 1 0 |a Ritorno ad Alphaville di Falso Movimento /  |c Mario Martone ; fotografie di Cesare Accetta. 
260 |a Milano :  |b Ubulibri,  |c [1987] 
300 |a 142 p. :  |b ill. ;  |c 22 cm. 
650 7 |a Martone, Mario  |x Attività teatrale  |2 scbi 
700 1 |a Accetta, Cesare  |0 IT\ICCU\CFIV\096546 
942 |2 ddc  |c BK  |n 0 
952 |0 0  |1 0  |4 0  |6 DOC_792_094000000000000_MAR  |7 0  |9 16906  |a BO  |b BO  |d 2026-01-15  |i 15843  |l 0  |o DOC 792.094 MAR  |p BO15843  |r 2026-01-15 23:19:29  |w 2026-01-15  |x [Sebina 5] [1 v.]  |y BK  |z 1 v. 
999 |c 14442  |d 14442